| 000 | 00490nam a2200169Ia 4500 | ||
|---|---|---|---|
| 999 |
_c26653 _d26653 |
||
| 003 | OSt | ||
| 005 | 20201215162111.0 | ||
| 008 | 190216s9999||||xx |||||||||||||| ||und|| | ||
| 040 | _coclc | ||
| 082 |
_a894.8124 _bACH/V |
||
| 100 |
_aAchuthamenon, C _93252 |
||
| 245 | 0 |
_aVayanayude Uthirmanikal / _cC Achuthamenon |
|
| 260 |
_bPrabhath Book House, _aTrivandrum: _c1988. |
||
| 300 | _a106p | ||
| 650 | _aLekhanam | ||
| 942 |
_cBK _2ddc _h894.8124 _iACH/V _k894.8124 _mACH/V |
||